Normal view
MARC view
- Porter,Lyman W.
Entry Personal Name
001 - CONTROL NUMBER
- control field: 15223
003 - CONTROL NUMBER IDENTIFIER
- control field: OSt
005 - DATE AND TIME OF LATEST TRANSACTION
- control field: 20160924142523.0
008 - FIXED-LENGTH DATA ELEMENTS
- fixed length control field: 160924|| aca||aabn | a|a d
040 ## - CATALOGING SOURCE
- Original cataloging agency: OSt
100 ## - HEADING--PERSONAL NAME
- Personal name: Porter,Lyman W.
- Relator term: Author
